000 01263nam a22003257i 4500
003 EG-GICUC
005 20260121101551.0
008 251230s1908 fr ||||fr|||| 00| 0 fre d
040 _aEG-GiCUC
_bfre
_cEG-GiCUC
_dEG-GiCUC
_eRda
041 _afre
082 0 4 _221
_a341.6
_bLA . O
092 0 4 _221
099 _aLaw1 11 341.6 LA . O 1908
100 1 _aLameire, Irénée,
_eAuteur
245 1 4 _aLes Occupations Militaires De L’île De Minorque Pendant Les Guerres De L'ancien Droit /
_cPar Irénée Lameire.
246 1 3 _aThéorie Et Pratique De La Conquête Dans L'ancien Droit (étude De Droit International Ancien)
264 1 _aParis :
_bA. Rousseau,
_c1908.
300 _a784 pages ;
_c24 cm.
336 _2rda contenu
_a texte
337 _2rda medias
_aOrdinateur
338 _2 transporteur rda
_a Ressource en ligne
500 _aAt head of title: Théorie et pratique de la conquête dans l'ancien droit (étude de droit international ancien)
504 _aIncludes bibliographical references.
546 _aTexte en français
650 1 4 _aMilitary occupation.
_xDroit international public
650 1 4 _aDroit de la guerre
856 4 0 _uhttps://fll.law.cu.edu.eg/fulltext/bks/B11-06690.pdf
905 _a75
942 _2ddc
_cBK
_e21
_n0
999 _c53224
_d53224